[Event "Titled Tuesday intern op 08th Mar Early"]
[Site "Chess.com INT"]
[Date "2022.03.08"]
[Round "7"]
[White "Siva, Mahadevan"]
[Black "Sychev, Klementy"]
[Result "1-0"]
[WhiteElo "2349"]
[BlackElo "2554"]
[PlyCount "99"]
[EventDate "2022.03.08"]
[EventType "swiss (blitz)"]
[EventRounds "11"]
[EventCountry "USA"]
[SourceTitle "CBM 207 Extra"]
[Source "ChessBase"]
[SourceDate "2022.05.31"]
[SourceVersion "1"]
[SourceVersionDate "2022.05.31"]
[SourceQuality "1"]

1. e4 c6 2. d4 d5 3. e5 Bf5 4. c4 e6 5. Nc3 Ne7 6. Nge2 dxc4 7. Ng3 Bg6 8. Bxc4 Nd7 9. 0-0 Nb6 10. Bb3 Qd7 11. a4 a5 12. Be3 h5 13. h4 Nf5 14. Nxf5 Bxf5 15. Qf3 Be7 16. Qg3 0-0-0 17. d5 Nxd5 18. Bxd5 exd5 19. Bb6 Rdg8 20. Nb5 Be6 21. Nd6+ Kb8 22. Qc3 Bd8 23. Qxa5 Bxb6 24. Qxb6 g5 25. a5 Qc7 26. Qxc7+ Kxc7 27. hxg5 Rxg5 28. f4 Rg3 29. f5 Bd7 30. Nxf7 Rhg8 31. Rf2 h4 32. e6 Be8 33. Nh6 Rf8 34. f6 Rg6 35. e7 Rfxf6 36. Rxf6 Rxf6 37. Ng4 Re6 38. a6 bxa6 39. Rxa6 Rxe7 40. b4 Kd6 41. b5 Kc5 42. b6 Rb7 43. Nf6 Bg6 44. Ra4 Kxb6 45. Rxh4 c5 46. Nxd5+ Kc6 47. Ne3 Rd7 48. Rh6 Rg7 49. Nf5 Rg8 50. Ne7+ 1-0

[Event "Titled Tuesday intern op 01st Mar Early"]
[Site "Chess.com INT"]
[Date "2022.03.01"]
[Round "3"]
[White "Bodnaruk, Anastasia"]
[Black "Siva, Mahadevan"]
[Result "0-1"]
[WhiteElo "2392"]
[BlackElo "2349"]
[PlyCount "90"]
[EventDate "2022.03.01"]
[EventType "swiss (blitz)"]
[EventRounds "11"]
[EventCountry "USA"]
[SourceTitle "CBM 207 Extra"]
[Source "ChessBase"]
[SourceDate "2022.05.31"]
[SourceVersion "1"]
[SourceVersionDate "2022.05.31"]
[SourceQuality "1"]

1. e4 c5 2. Nc3 Nc6 3. Bb5 Nd4 4. Bc4 g6 5. Nf3 Bg7 6. Nxd4 cxd4 7. Qf3 Nh6 8. Ne2 0-0 9. d3 Ng4 10. Qg3 Nf6 11. Bb3 a5 12. a4 d5 13. e5 Nh5 14. Qh4 Bxe5 15. g4 Ng7 16. f4 Bf6 17. Qg3 e6 18. h4 h5 19. f5 exf5 20. g5 Be7 21. Nxd4 Bc5 22. Nb5 Bd7 23. Nc7 Qe7+ 24. Kd1 f4 25. Bxf4 Bg4+ 26. Kd2 Qe2+ 27. Kc1 Nf5 28. Qe1 Qg2 29. Nxd5 Bd4 30. c3 Rfe8 31. Qf1 Bf3 32. Qxg2 Bxg2 33. Rd1 Rad8 34. Nf6+ Bxf6 35. gxf6 Nxh4 36. Bg3 Nf5 37. Bf2 Re2 38. Bb6 Rd6 39. Bc7 Rxf6 40. d4 Ne3 41. Rg1 Bd5 42. Bxd5 Nxd5 43. Be5 Rff2 44. Bg3 Rc2+ 45. Kd1 Ne3+ 0-1

[Event "Titled Tuesday intern op 01st Mar Early"]
[Site "Chess.com INT"]
[Date "2022.03.01"]
[Round "11"]
[White "Siva, Mahadevan"]
[Black "Rodchenkov, Sergey D"]
[Result "1-0"]
[WhiteElo "2349"]
[BlackElo "2346"]
[PlyCount "74"]
[EventDate "2022.03.01"]
[EventType "swiss (blitz)"]
[EventRounds "11"]
[EventCountry "USA"]
[SourceTitle "CBM 207 Extra"]
[Source "ChessBase"]
[SourceDate "2022.05.31"]
[SourceVersion "1"]
[SourceVersionDate "2022.05.31"]
[SourceQuality "1"]

1. e4 c5 2. Nf3 d6 3. d4 cxd4 4. Nxd4 Nf6 5. Nc3 a6 6. Bg5 e6 7. f4 h6 8. Bh4 Qb6 9. Qd2 Qxb2 10. Rb1 Qa3 11. e5 dxe5 12. fxe5 Nfd7 13. Ne4 Qxa2 14. Rd1 Qd5 15. Qe3 Qxe5 16. c3 Be7 17. Bg3 Qa5 18. Nd6+ Bxd6 19. Bxd6 Nf6 20. Be2 Nc6 21. Nxc6 bxc6 22. Bb4 Qg5 23. Qb6 Bd7 24. Bf3 Nd5 25. Bxd5 cxd5 26. 0-0 a5 27. Ba3 Rc8 28. Rd3 Qe5 29. Bd6 Qe4 30. Rg3 g6 31. Re3 Qc4 32. Qxa5 f5 33. Qa7 Qa4 34. Rxe6+ Kd8 35. Be7+ Ke8 36. Bf6+ Kf8 37. Qxa4 Bxa4 1-0

[Event "Titled Tuesday intern op 01st Mar Early"]
[Site "Chess.com INT"]
[Date "2022.03.01"]
[Round "2"]
[White "Siva, Mahadevan"]
[Black "Tsyhanchuk, Stanislav"]
[Result "1-0"]
[WhiteElo "2349"]
[BlackElo "2273"]
[PlyCount "57"]
[EventDate "2022.03.01"]
[EventType "swiss (blitz)"]
[EventRounds "11"]
[EventCountry "USA"]
[SourceTitle "CBM 207 Extra"]
[Source "ChessBase"]
[SourceDate "2022.05.31"]
[SourceVersion "1"]
[SourceVersionDate "2022.05.31"]
[SourceQuality "1"]

1. e4 c5 2. Nf3 d6 3. d4 cxd4 4. Nxd4 Nf6 5. Nc3 a6 6. Bg5 e6 7. f4 Qb6 8. Qd2 Qxb2 9. Rb1 Qa3 10. e5 dxe5 11. fxe5 h6 12. Bh4 g5 13. Bf2 Ng4 14. Bg3 Nd7 15. Be2 Ngxe5 16. 0-0 Bg7 17. Nxe6 fxe6 18. Ne4 Ke7 19. Rb3 Qa4 20. Qd6+ Ke8 21. Bh5+ Kd8 22. Nc5 Nf3+ 23. Kh1 Qc4 24. Nxe6+ Qxe6 25. Qxe6 Nd4 26. Qd6 Nxb3 27. Qc7+ Ke7 28. Bd6+ Ke6 29. Bf7# 1-0

[Event "Titled Tuesday intern op 01st Mar Early"]
[Site "Chess.com INT"]
[Date "2022.03.01"]
[Round "4"]
[White "Siva, Mahadevan"]
[Black "Zavgorodniy, Sergiy"]
[Result "1/2-1/2"]
[WhiteElo "2349"]
[BlackElo "2423"]
[PlyCount "72"]
[EventDate "2022.03.01"]
[EventType "swiss (blitz)"]
[EventRounds "11"]
[EventCountry "USA"]
[SourceTitle "CBM 207 Extra"]
[Source "ChessBase"]
[SourceDate "2022.05.31"]
[SourceVersion "1"]
[SourceVersionDate "2022.05.31"]
[SourceQuality "1"]

1. e4 e5 2. Nf3 d6 3. d4 exd4 4. Nxd4 Nf6 5. Nc3 Be7 6. g3 Bg4 7. f3 Bd7 8. Bg2 c5 9. Nde2 Bc6 10. f4 0-0 11. 0-0 Nbd7 12. b3 Qc7 13. Bb2 b5 14. a4 b4 15. Nd5 Bxd5 16. exd5 Ng4 17. Qd3 Rfe8 18. Rae1 Bf6 19. Bc1 c4 20. Qf3 Qc5+ 21. Kh1 Ne3 22. Bh3 Nb6 23. Bxe3 Rxe3 24. Qf2 Rae8 25. bxc4 Nxc4 26. Nc1 Bc3 27. Rd1 h6 28. Nb3 Qc7 29. Bg4 Nb2 30. Ra1 Qc4 31. Qg2 R3e4 32. Bf3 Re3 33. Na5 Qc5 34. Nb3 Qc4 35. Na5 Qc5 36. Nb3 Qc4 1/2-1/2

[Event "Titled Tuesday intern op 22nd Feb Early"]
[Site "Chess.com INT"]
[Date "2022.02.22"]
[Round "1"]
[White "Fiorito, Fabian"]
[Black "Siva, Mahadevan"]
[Result "0-1"]
[WhiteElo "2357"]
[BlackElo "2349"]
[PlyCount "64"]
[EventDate "2022.02.22"]
[EventType "swiss (blitz)"]
[EventRounds "11"]
[EventCountry "USA"]
[SourceTitle "CBM 207 Extra"]
[Source "ChessBase"]
[SourceDate "2022.05.31"]
[SourceVersion "1"]
[SourceVersionDate "2022.05.31"]
[SourceQuality "1"]

1. d4 Nf6 2. Nc3 d5 3. Bf4 g6 4. e3 Bg7 5. h4 0-0 6. h5 c5 7. hxg6 hxg6 8. Qd2 Nc6 9. 0-0-0 Qa5 10. dxc5 Qxc5 11. Nxd5 Ne4 12. Qe2 Nb4 13. Nxb4 Qxb4 14. c3 Nxc3 15. bxc3 Qxc3+ 16. Qc2 Qa3+ 17. Kd2 Bf5 18. e4 Rac8 19. Qb3 Qa5+ 20. Ke2 Bxe4 21. Nf3 Rc3 22. Nd2 Rxb3 23. axb3 Bd5 24. f3 e5 25. Be3 f5 26. Kf2 f4 27. Nc4 fxe3+ 28. Nxe3 Bxb3 29. Rd7 Qb6 30. Bd3 Rd8 31. Rxd8+ Qxd8 32. Bxg6 Qd2+ 0-1